000 00896nam a22002297a 4500
999 _c2569
_d2569
003 AR-CdUCM
008 190304b ||||| |||| 00| 0 spa d
040 _aMUNICIPALIDAD PROVINCIAL DEL CUSCO
_cBIBLIOTECA MUNICIPAL DEL CUSCO
082 _a343.9 /
_bD61
100 _aChocano Zolezzi, Mario
_99084
110 _aCentro de estudios y promoción del desarrollo (DESCO)
_99085
245 _aMunicipalidad y gobierno local :
_bEl D.L.22250 en el tapete /
260 _aLima:
_bEdit.Lumen,
_c1945.
300 _a62 paginas ;
_c22 cm.
505 _aLa administración urbana --La administración en las áreas metropolitanas --La ley de municipalidades: D.L.22250 --Rentas municipales --Atribuciones municipales /
650 _aLegislacion
_96380
650 _aAdministración
_94472
650 _aGobierno
_92618
700 _aAbelardo Sanchez Leon
_9540
942 _2ddc
_cLIBROS
945 _arjall